ბათუმის შოთა რუსთაველის სახელმწიფო უნივერსიტეტის ბიბლიოთეკა

ნიადაგის დამულჩვის გავლენა ლიმონმეიერის ზრდა განვითარებას და პროდიქტიულობაზე. (ბიბ.ჩანაწერი № 35352)

000 -LEADER
fixed length control field 00863nam a2200217Ia 4500
001 - CONTROL NUMBER
control field 1205
003 - CONTROL NUMBER IDENTIFIER
control field GE_BSU
008 - FIXED-LENGTH DATA ELEMENTS--GENERAL INFORMATION
fixed length control field 181216s||||||||xx |||||||||||||| ||und||
040 ## - CATALOGING SOURCE
Transcribing agency GE_BSU
080 ## - UNIVERSAL DECIMAL CLASSIFICATION NUMBER
Universal Decimal Classification number 634.1
100 ## - MAIN ENTRY--PERSONAL NAME
Personal name ჭანურვაძე, ლევან
245 ## - TITLE STATEMENT
Title ნიადაგის დამულჩვის გავლენა ლიმონმეიერის ზრდა განვითარებას და პროდიქტიულობაზე.
245 ## - TITLE STATEMENT
Statement of responsibility, etc. რედ.რეზო ჯაბნიძე
260 ## - PUBLICATION, DISTRIBUTION, ETC.
Place of publication, distribution, etc. ბათუმი
260 ## - PUBLICATION, DISTRIBUTION, ETC.
Name of publisher, distributor, etc. ალიონი
260 ## - PUBLICATION, DISTRIBUTION, ETC.
Date of publication, distribution, etc. 2009
300 ## - PHYSICAL DESCRIPTION
Extent 88 გვ. 2ო სმ.
653 ## - INDEX TERM--UNCONTROLLED
Uncontrolled term ლიმონმეიერის ზრდა განვითარებადა პროდუქტიულობა
942 ## - ADDED ENTRY ELEMENTS (KOHA)
Koha item type წიგნი
ეგზემპლარები
Withdrawn status Lost status Damaged status Not for loan Date acquired Barcode Date last seen Price effective from Koha item type
        2018-12-17 2713 2018-12-17 2018-12-17 წიგნი